Fundamentals of international business. / (Record no. 8441)
[ view plain ]
| 000 -LEADER | |
|---|---|
| fixed length control field | 01177nam a22002417a 4500 |
| 003 - CONTROL NUMBER IDENTIFIER | |
| control field | OSt |
| 005 - DATE AND TIME OF LATEST TRANSACTION | |
| control field | 20220119121305.0 |
| 008 - FIXED-LENGTH DATA ELEMENTS--GENERAL INFORMATION | |
| fixed length control field | 140411b xxu||||| |||| 00| 0 eng d |
| 020 ## - INTERNATIONAL STANDARD BOOK NUMBER | |
| International Standard Book Number | 9780324259643 |
| 020 ## - INTERNATIONAL STANDARD BOOK NUMBER | |
| International Standard Book Number | 0324259646 |
| 040 ## - CATALOGING SOURCE | |
| Transcribing agency | LC |
| 050 ## - LIBRARY OF CONGRESS CALL NUMBER | |
| Classification number | HF1379.C93 |
| 100 ## - MAIN ENTRY--PERSONAL NAME | |
| Personal name | Czinkota,Michael R. |
| 245 ## - TITLE STATEMENT | |
| Title | Fundamentals of international business. / |
| Statement of responsibility, etc. | Michael R.Czinkota, Ilkka A. Ronkainen and Michael H. Moffett |
| 260 ## - PUBLICATION, DISTRIBUTION, ETC. | |
| Place of publication, distribution, etc. | New York: |
| Name of publisher, distributor, etc. | Thomson, |
| Date of publication, distribution, etc. | 2004. |
| 300 ## - PHYSICAL DESCRIPTION | |
| Extent | xxvii, 388 p: + [various pagings]: |
| Other physical details | ill.; |
| 500 ## - GENERAL NOTE | |
| General note | Includes index |
| 505 ## - FORMATTED CONTENTS NOTE | |
| Formatted contents note | Contents: Globalization -- Globalization Drivers: Cultural environments -- Global trade environment -- Politics and Laws -- Economic integration -- Global trade and investment: Trade and investment theory: The International economic activity of the nation -- Global finance: Foreign exchange and global financial markets -- Global financial management -- Global operations: Exporting and global expansion -- Global marketing -- Global supply chain -- Managing globally -- The Future. |
| 650 ## - SUBJECT ADDED ENTRY--TOPICAL TERM | |
| Topical term or geographic name entry element | International Business |
| 700 ## - ADDED ENTRY--PERSONAL NAME | |
| Personal name | Ilkka A. Ronkainen |
| 700 ## - ADDED ENTRY--PERSONAL NAME | |
| Personal name | Michael H. Moffett |
| 942 ## - ADDED ENTRY ELEMENTS (KOHA) | |
| Source of classification or shelving scheme | Library of Congress Classification |
| Koha item type | Books |
| Withdrawn status | Lost status | Source of classification or shelving scheme | Damaged status | Not for loan | Home library | Current library | Shelving location | Date acquired | Source of acquisition | Full call number | Barcode | Date last seen | Copy number | Price effective from | Koha item type | Total Checkouts |
|---|---|---|---|---|---|---|---|---|---|---|---|---|---|---|---|---|
| Library of Congress Classification | WISCONSIN INTERNATIONAL UNIVERSITY COLLEGE, GHANA KUMASI LIBRARY | WISCONSIN INTERNATIONAL UNIVERSITY COLLEGE, GHANA KUMASI LIBRARY | General Stacks | 23/10/2019 | WIUC | HF1379.C93 | K/326/326/19 | 19/01/2022 | 1 | 19/01/2022 | Books | |||||
| Library of Congress Classification | WISCONSIN INTERNATIONAL UNIVERSITY COLLEGE, GHANA KUMASI LIBRARY | WISCONSIN INTERNATIONAL UNIVERSITY COLLEGE, GHANA KUMASI LIBRARY | General Stacks | 23/10/2019 | WIUC | HF1379.C931 | K/327/327/19 | 04/02/2022 | 2 | 19/01/2022 | Books | |||||
| Library of Congress Classification | WISCONSIN INTERNATIONAL UNIVERSITY COLLEGE, GHANA KUMASI LIBRARY | WISCONSIN INTERNATIONAL UNIVERSITY COLLEGE, GHANA KUMASI LIBRARY | General Stacks | 23/10/2019 | WIUC | HF1379.C932 | K/380/380/19 | 04/02/2022 | 3 | 19/01/2022 | Books | |||||
| Library of Congress Classification | WISCONSIN INTERNATIONAL UNIVERSITY COLLEGE, GHANA KUMASI LIBRARY | WISCONSIN INTERNATIONAL UNIVERSITY COLLEGE, GHANA KUMASI LIBRARY | General Stacks | 18/10/2019 | WIUC | HF1379.C933 | K/114/114/19 | 04/02/2022 | 4 | 19/01/2022 | Books |
